000 00631cas a22002055a 4500
001 L138079
008 070515c xxktr p 0 a0eng u
035 _a(Sirsi) u138079
041 0 _aeng
110 2 _aRoyal Institution of Chartered Surveyors
_bMerseyside and Isle of Man Branch
_91159
245 0 0 _aChartered Surveyor North West
260 _aLiverpool
_bRICS
_c[199?]-
362 0 _aApril 1993-April 1998
554 _aThree per year
651 4 _aISLE OF MAN
651 4 _aMERSEYSIDE
690 _aMANAGEMENT-BUSINESS MANAGEMENT-PROFESSIONAL PRACTICE
780 0 0 _tMerseyside and Isle of Man Branch Events
942 _n0
999 _c118950
_d118950